=LDR 00000nam 2200000 4500 =001 INLIS000000000060871 =005 20220331102838 =035 ##$$a 0010-0322000224 =007 ta =008 220331###########################0#ind## =020 ##$$a 978-623-228-428-9 =082 ##$$a 363.729 8 =084 ##$$a 363.729 8 Yul h =100 #$$a Yulianto, =245 1#$$a Hygiene, Sanitasi dan K3 /$c Yulianto, Wisnu Hadi, R. Jati Nurcahyo =260 ##$$a Yogyakarta :$b Graha Ilmu,$c 2020 =300 ##$$a viii, 55 hlm. : $b Ilus. ; $c 24 cm =650 #4$$a Kebrsihan =990 ##$$a 15441544 =990 ##$$a 15441544 =990 ##$$a 15441544 =990 ##$$a 15441544